Trade, knowledge spillovers, and growth. Endogenous growth.

Analýza súvislostí toku vedecko-technických poznatkov zo zahraničia s rozsahom zahraničného obchodu a ekonomického rastu malých krajín. Zahraničný obchod a domáce inovácie. Otázka vzťahu medzi otvorenosťou ekonomiky k medzinárodnej výmene a dynamikou rastu ekonomiky. Modelovanie endogénneho technick...

Descrizione completa

Salvato in:
Dettagli Bibliografici
Autore principale: Grossman, G.M
Altri autori: Helpman, Elhanan
Natura: Capitolo di libro
Lingua:inglese
Soggetti:
Tags: Aggiungi Tag
Nessun Tag, puoi essere il primo ad aggiungerne!!

MARC

LEADER 00000naa a2200000 4500
001 r004660
005 20221130103156.2
041 0 |a eng 
044 |a NL 
245 1 0 |a Trade, knowledge spillovers, and growth.  |b Endogenous growth.  |c G.M. Grossman, Elhanan Helpman 
520 |a Analýza súvislostí toku vedecko-technických poznatkov zo zahraničia s rozsahom zahraničného obchodu a ekonomického rastu malých krajín. Zahraničný obchod a domáce inovácie. Otázka vzťahu medzi otvorenosťou ekonomiky k medzinárodnej výmene a dynamikou rastu ekonomiky. Modelovanie endogénneho technického pokroku a ekonomického rastu. Vplyv zmien v stupni otvorenosti ekonomiky na dlhodobý ekonomický rast a úroveň národného blahobytu. 
610 2 0 |a obchod zahraničný 
610 2 0 |a rast hospodársky 
610 2 0 |a inovácia 
610 2 0 |a informácie vedecké 
610 2 0 |a blahobyt 
610 2 0 |a tok informácií 
610 2 0 |a hospodárstvo otvorené 
100 1 |a Grossman, G.M. 
700 1 |a Helpman, Elhanan